000 00655nam a2200181Ia 4500
003 GCL
008 140319s9999 xx 000 0 ara d
020 _a2512601977
040 _aGCL /
_cGCL
082 0 4 _a709.01
_bم ظ
100 1 _aمصطفى عبدالرحيم محمد
245 1 0 _aظاهرة التكرار فى الفنون الاسلامية /
_cمصطفى عبدالرحيم محمد
260 _aالقاهرة :
_bالهيئة المصرية العامة للكتاب ،
_c1997
300 _a130 ص ؛
_c26 سم
650 0 4 _aالفن الاسلامى
650 0 4 _aالفن الاسلامى - ظاهرة التكرار
942 _2ddc
_cBK
999 _c7963
_d7963